श्री सार्इनाथ चरित्र आणि भजने (Record no. 368320)

MARC details
000 -LEADER
fixed length control field 00357nam a2200121Ia 4500
005 - DATE AND TIME OF LATEST TRANSACTION
control field 20251013221644.0
008 - FIXED-LENGTH DATA ELEMENTS--GENERAL INFORMATION
fixed length control field 251010s9999 xx 000 0 und d
041 ## - LANGUAGE CODE
Language code of text/sound track or separate title mar
100 ## - MAIN ENTRY--PERSONAL NAME
Personal name कोकाटे सा.
9 (RLIN) 214061
245 ## - TITLE STATEMENT
Title श्री सार्इनाथ चरित्र आणि भजने
250 ## - EDITION STATEMENT
Edition statement 1ST
260 ## - PUBLICATION, DISTRIBUTION, ETC. (IMPRINT)
Name of publisher, distributor, etc. Central
Date of publication, distribution, etc. 1928
Holdings
Withdrawn status Lost status Damaged status Not for loan Home library Current library Date acquired Cost, normal purchase price Bill number Total Checkouts Barcode Date last seen Bill Date Koha item type Original Barcode
        Shri Siddhivinayak Mahila Mahavidyalaya Shri Siddhivinayak Mahila Mahavidyalaya 06/05/2014 40.00 5   SSMM-ABK-010000324 13/10/2025 08/12/1928 Books ABK010000324